[Event "ISL-chT Kvika 2324"]
[Site "Reykjavik"]
[Date "2023.10.15"]
[Round "5.3"]
[White "Van den Berg, Bram"]
[Black "Petersson, Baldur Teodor"]
[Result "1-0"]
[WhiteElo "2182"]
[BlackElo "2199"]
[PlyCount "55"]
[EventDate "2023.10.12"]
[EventType "team-tourn"]
[EventRounds "10"]
[EventCountry "ISL"]
[SourceTitle "Mega2024 Update 01"]
[Source "Chessbase"]
[SourceDate "2023.11.12"]
[SourceVersion "1"]
[SourceVersionDate "2023.11.12"]
[SourceQuality "1"]
[WhiteTeam "Skakdeild KR"]
[BlackTeam "Taflfelag Gardjabaejar"]
[WhiteTeamCountry "ISL"]
[BlackTeamCountry "ISL"]

1. e4 c5 2. Be2 Nc6 3. f4 e6 4. Nf3 d5 5. d3 Nge7 6. 0-0 g6 7. Kh1 Bg7 8. c3 b6 9. Qe1 Bb7 10. Na3 Qd7 11. Qg3 a6 12. Nc2 0-0-0 13. a3 Qc7 14. Rb1 Nb8 15. e5 Nf5 16. Qf2 h5 17. Ne3 Nh6 18. d4 Nd7 19. Bd2 Kb8 20. Rfc1 c4 21. b3 b5 22. a4 Qc6 23. axb5 axb5 24. bxc4 bxc4 25. Ne1 Kc7 26. Nxc4 dxc4 27. Bf3 Ng4 28. Qe2 1-0

[Event "BEL-chT 2223"]
[Site "Belgium"]
[Date "2023.03.19"]
[Round "9.5"]
[White "Van den Berg, Bram"]
[Black "Balduan, Markus"]
[Result "0-1"]
[WhiteElo "2175"]
[BlackElo "2306"]
[PlyCount "94"]
[EventDate "2022.09.25"]
[EventType "team-tourn"]
[EventRounds "11"]
[EventCountry "BEL"]
[SourceTitle "CBM 213 Extra"]
[Source "ChessBase"]
[SourceDate "2023.05.31"]
[SourceVersion "1"]
[SourceVersionDate "2023.05.31"]
[SourceQuality "1"]
[WhiteTeam "Brasschaat"]
[BlackTeam "Tal"]
[WhiteTeamCountry "BEL"]
[BlackTeamCountry "BEL"]

1. e4 c5 2. b4 cxb4 3. a3 d5 4. exd5 Qxd5 5. Nf3 e6 6. d4 Nc6 7. Be2 Nf6 8. 0-0 Qd8 9. Bb2 Be7 10. axb4 Bxb4 11. Ne5 Nxe5 12. dxe5 Qxd1 13. Rxd1 Nd5 14. c4 Ne7 15. Na3 Bd7 16. Nb5 Bxb5 17. cxb5 Nd5 18. Bf3 Ke7 19. Ba3 Bxa3 20. Rxa3 Rhc8 21. g3 Rc3 22. Rxc3 Nxc3 23. Rc1 Rc8 24. Ra1 Nxb5 25. Bxb7 Rc7 26. Ba6 Nd4 27. Kg2 g5 28. Ra4 Nb3 29. Rg4 Nc5 30. Be2 a5 31. Rxg5 a4 32. Rg8 Ra7 33. Rc8 a3 34. Bc4 Nd7 35. Ba2 Nxe5 36. Rc3 Kd6 37. Kf1 Nc6 38. Rb3 Kc5 39. Rc3+ Kb5 40. g4 Nb4 41. Bb1 a2 42. Bxa2 Nxa2 43. Rh3 f6 44. Rh6 Rf7 45. g5 Kc5 46. gxf6 Nc3 47. Kg2 Nd5 0-1

[Event "Hoogeveen op 25th"]
[Site "Hoogeveen"]
[Date "2022.10.18"]
[Round "4"]
[White "Van den Berg, Bram"]
[Black "Klaren, Duncan"]
[Result "1-0"]
[WhiteElo "2190"]
[BlackElo "2009"]
[PlyCount "57"]
[EventDate "2022.10.15"]
[EventType "swiss"]
[EventRounds "9"]
[EventCountry "NED"]
[SourceTitle "CBM 210 Extra"]
[Source "ChessBase"]
[SourceDate "2022.11.30"]
[SourceVersion "1"]
[SourceVersionDate "2022.11.30"]
[SourceQuality "1"]

1. e4 c5 2. c3 Nf6 3. e5 Nd5 4. d4 cxd4 5. Nf3 d6 6. exd6 e6 7. cxd4 Bxd6 8. Nc3 0-0 9. Nxd5 exd5 10. Be2 Bf5 11. 0-0 Re8 12. Be3 Nc6 13. Bd3 Be4 14. Rc1 h6 15. g3 Qf6 16. Bxe4 dxe4 17. Nh4 Rad8 18. Qa4 Bc7 19. Rfd1 g5 20. Ng2 Bb6 21. d5 Ne5 22. Bxb6 axb6 23. Ne3 h5 24. Rc2 Re7 25. d6 Nf3+ 26. Kg2 Rxd6 27. Rxd6 Qxd6 28. Nf5 b5 29. Qa8+ 1-0

[Event "BEL-chT 2122"]
[Site "Belgium"]
[Date "2021.11.21"]
[Round "2.3"]
[White "Van den Berg, Bram"]
[Black "Lopez, Jasel"]
[Result "1/2-1/2"]
[WhiteElo "2209"]
[BlackElo "2417"]
[PlyCount "50"]
[EventDate "2021.10.24"]
[EventType "team-tourn"]
[EventRounds "11"]
[EventCountry "BEL"]
[SourceTitle "EXT 2023"]
[Source "ChessBase"]
[SourceDate "2022.10.05"]
[SourceVersion "1"]
[SourceVersionDate "2022.10.05"]
[SourceQuality "1"]
[WhiteTeam "Brasschaat"]
[BlackTeam "Wachtebeke"]
[WhiteTeamCountry "BEL"]
[BlackTeamCountry "BEL"]

1. e4 e6 2. b3 d5 3. Bb2 dxe4 4. Nc3 Nf6 5. Qe2 Bd7 6. g4 Nc6 7. g5 Nd5 8. Nxe4 e5 9. 0-0-0 Be7 10. h4 Be6 11. Kb1 Qd7 12. Bh3 0-0-0 13. Bxe6 Qxe6 14. Nf3 h6 15. Rhe1 hxg5 16. Nexg5 Bxg5 17. hxg5 f6 18. gxf6 gxf6 19. d4 Rhe8 20. dxe5 fxe5 21. Qe4 Nf6 22. Rxd8+ Rxd8 23. Qe2 Qf5 24. Nxe5 Nxe5 25. Qxe5 Qxf2 1/2-1/2

[Event "Hoogeveen op 24th"]
[Site "Hoogeveen"]
[Date "2021.10.20"]
[Round "6"]
[White "Bezemer, Arno J"]
[Black "Van den Berg, Bram"]
[Result "1-0"]
[WhiteElo "2283"]
[BlackElo "2209"]
[PlyCount "73"]
[EventDate "2021.10.15"]
[EventType "swiss"]
[EventRounds "9"]
[EventCountry "NED"]
[SourceTitle "CBM 204 Extra"]
[Source "ChessBase"]
[SourceDate "2021.11.30"]
[SourceVersion "1"]
[SourceVersionDate "2021.11.30"]
[SourceQuality "1"]

1. e4 d5 2. exd5 Nf6 3. c4 e6 4. dxe6 Bxe6 5. Be2 Nc6 6. Nf3 Bc5 7. 0-0 Qd7 8. d3 0-0-0 9. Nbd2 Bg4 10. Nb3 Bd4 11. Nbxd4 Nxd4 12. Nxd4 Qxd4 13. Be3 Bxe2 14. Bxd4 Bxd1 15. Bxf6 Rxd3 16. Bxg7 Rhd8 17. Bf6 R8d7 18. Re1 b6 19. Rc1 Bh5 20. f3 R3d6 21. Bc3 Rc6 22. b3 Re6 23. Rxe6 fxe6 24. g4 Bg6 25. Kf2 c6 26. h4 Kd8 27. h5 Bd3 28. Ke3 Ke8 29. Bd4 c5 30. Be5 a6 31. Bf6 Kf7 32. Rd1 Kxf6 33. Rxd3 Rb7 34. f4 Rf7 35. g5+ Ke7 36. Ke4 Rf8 37. Rg3 1-0

[Event "Karlsruhe Grenke op"]
[Site "Karlsruhe"]
[Date "2019.04.21"]
[Round "7"]
[White "Schneider, Ilja"]
[Black "Van den Berg, Bram"]
[Result "1-0"]
[WhiteElo "2504"]
[BlackElo "2232"]
[PlyCount "64"]
[EventDate "2019.04.18"]
[EventType "swiss"]
[EventRounds "9"]
[EventCountry "GER"]
[SourceTitle "CBM 189 Extra"]
[Source "ChessBase"]
[SourceDate "2019.06.03"]
[SourceVersion "1"]
[SourceVersionDate "2019.06.03"]
[SourceQuality "1"]

1. d4 g6 2. e4 Bg7 3. Nc3 c5 4. dxc5 Bxc3+ 5. bxc3 Qa5 6. Qd4 Nf6 7. Qb4 Nc6 8. Qxa5 Nxa5 9. e5 Nd5 10. Bd2 Nc6 11. Nf3 b6 12. Bc4 Nc7 13. Be3 bxc5 14. Bxc5 Na5 15. Bd3 Bb7 16. Rb1 Ne6 17. Rb5 Bxf3 18. gxf3 Nc6 19. Be4 a6 20. Bxc6 dxc6 21. Ra5 Nxc5 22. Rxc5 Kd7 23. Ke2 Kc7 24. Rb1 Rhb8 25. Rb4 Rb5 26. Rbc4 Rxc5 27. Rxc5 Rf8 28. Rc4 f6 29. Rh4 fxe5 30. Rxh7 Kd6 31. Rh6 Rb8 32. Rxg6+ e6 1-0

[Event "Vlissingen HZ op 22nd"]
[Site "Vlissingen"]
[Date "2018.08.11"]
[Round "9"]
[White "De Jong, Migchiel"]
[Black "Van den Berg, Bram"]
[Result "1-0"]
[WhiteElo "2339"]
[BlackElo "2221"]
[PlyCount "41"]
[EventDate "2018.08.04"]
[EventType "swiss"]
[EventRounds "9"]
[EventCountry "NED"]
[SourceTitle "CBM 185 Extra"]
[Source "ChessBase"]
[SourceDate "2018.07.29"]
[SourceVersion "1"]
[SourceVersionDate "2018.07.29"]
[SourceQuality "1"]

1. e4 d5 2. exd5 Nf6 3. d4 Bg4 4. Be2 Bxe2 5. Qxe2 Qxd5 6. Nf3 e6 7. 0-0 Nc6 8. c3 Bd6 9. Re1 Qh5 10. Nbd2 g5 11. Qb5 0-0-0 12. Qxg5 Bxh2+ 13. Kf1 Bd6 14. Qxf6 Qh1+ 15. Ke2 Qxg2 16. Ne4 Be7 17. Qxf7 Rhf8 18. Rg1 Qh3 19. Rg3 Qh1 20. Qxe6+ Kb8 21. Qh3 1-0

[Event "Krakow op-A 28th"]
[Site "Krakow"]
[Date "2017.12.30"]
[Round "5"]
[White "Saperas Lafarga, Joan Lluis"]
[Black "Van den Berg, Bram"]
[Result "1-0"]
[WhiteElo "2112"]
[BlackElo "2223"]
[PlyCount "61"]
[EventDate "2017.12.27"]
[EventType "swiss"]
[EventRounds "9"]
[EventCountry "POL"]
[SourceTitle "CBM 182 Extra"]
[Source "ChessBase"]
[SourceDate "2018.02.23"]
[SourceVersion "1"]
[SourceVersionDate "2018.02.23"]
[SourceQuality "1"]

1. e4 d5 2. e5 c5 3. f4 Nc6 4. c3 Bf5 5. Nf3 e6 6. d3 b5 7. Be2 c4 8. Be3 Nh6 9. h3 Be7 10. 0-0 0-0 11. g4 Bxg4 12. hxg4 Nxg4 13. Bf2 f6 14. Nd4 Nxf2 15. Nxc6 Nxd1 16. Nxd8 Raxd8 17. Rxd1 fxe5 18. fxe5 cxd3 19. Bxd3 Bc5+ 20. Kh1 Rf4 21. Nd2 Rf2 22. Nb3 Bb6 23. Rd2 Rxd2 24. Nxd2 b4 25. cxb4 Bd4 26. Nf3 Bxb2 27. Rb1 Ba3 28. Kg2 h6 29. Rb3 Bc1 30. Bg6 Rc8 31. Rb1 1-0

[Event "Krakow op-A 28th"]
[Site "Krakow"]
[Date "2017.12.28"]
[Round "2"]
[White "Van den Berg, Bram"]
[Black "Brozyna, Mateusz"]
[Result "0-1"]
[WhiteElo "2223"]
[BlackElo "2108"]
[PlyCount "74"]
[EventDate "2017.12.27"]
[EventType "swiss"]
[EventRounds "9"]
[EventCountry "POL"]
[SourceTitle "CBM 182 Extra"]
[Source "ChessBase"]
[SourceDate "2018.02.23"]
[SourceVersion "1"]
[SourceVersionDate "2018.02.23"]
[SourceQuality "1"]

1. e4 e5 2. f4 exf4 3. Bc4 Nc6 4. Nf3 Nf6 5. Nc3 Be7 6. d4 Nxe4 7. Nxe4 d5 8. Bd3 dxe4 9. Bxe4 Bh4+ 10. Kf1 Bf6 11. c3 0-0 12. Bxf4 Ne7 13. Qd3 h6 14. c4 c6 15. d5 cxd5 16. cxd5 Ng6 17. Bg3 Bd7 18. h4 Qe8 19. Kg1 Ne5 20. Qb3 Ng4 21. Re1 Qc8 22. Bf4 Qc5+ 23. Be3 Nxe3 24. Qxe3 Qd6 25. Re2 Rae8 26. Kf2 Bd8 27. Qd2 f5 28. Bc2 Bb6+ 29. Ke1 Bb5 30. Rxe8 Rxe8+ 31. Kd1 Be2+ 32. Qxe2 Rxe2 33. Kxe2 Qg3 34. Ne1 Qf2+ 35. Kd3 Qe3+ 36. Kc4 Qd4+ 37. Kb3 Qxd5+ 0-1

[Event "Vlissingen HZ op 21st"]
[Site "Vlissingen"]
[Date "2017.08.10"]
[Round "7"]
[White "Mellema, Andries"]
[Black "Van den Berg, Bram"]
[Result "1-0"]
[WhiteElo "2155"]
[BlackElo "2257"]
[PlyCount "103"]
[EventDate "2017.08.05"]
[EventType "swiss"]
[EventRounds "9"]
[EventCountry "NED"]
[SourceTitle "CBM 179 Extra"]
[Source "ChessBase"]
[SourceDate "2017.08.23"]
[SourceVersion "1"]
[SourceVersionDate "2017.08.23"]
[SourceQuality "1"]

1. e4 d5 2. exd5 Nf6 3. d4 Bg4 4. Be2 Bxe2 5. Qxe2 Qxd5 6. Nf3 Nc6 7. c4 Qf5 8. 0-0 e6 9. d5 Nb4 10. Nc3 Bd6 11. dxe6 0-0 12. Be3 Nc2 13. Rad1 Nxe3 14. Qxe3 fxe6 15. h3 Nh5 16. Nd4 Qf4 17. Qxf4 Nxf4 18. Rfe1 Rf6 19. Ne4 Rg6 20. g3 Nxh3+ 21. Kg2 Nf4+ 22. Kf1 e5 23. Nf3 Nh5 24. c5 Bf8 25. Nxe5 Re6 26. f4 Nf6 27. Nxf6+ gxf6 28. Nd7 Rxe1+ 29. Rxe1 Kf7 30. Nxf8 Rxf8 31. Rd1 Ke6 32. Ke2 f5 33. b4 h5 34. Rh1 Rh8 35. Kd3 Rg8 36. Rxh5 Rxg3+ 37. Kd4 Ra3 38. Rh7 Rxa2 39. Rxc7 Re2 40. Rxb7 Re4+ 41. Kc3 a5 42. Rb6+ Kd7 43. b5 Rxf4 44. Rb7+ Kc8 45. Ra7 Kb8 46. b6 Rb4 47. Rxa5 Rb1 48. Kc4 f4 49. Ra3 Rc1+ 50. Kb5 Rb1+ 51. Ka6 Rc1 52. Rh3 1-0

[Event "Vlissingen HZ op 21st"]
[Site "Vlissingen"]
[Date "2017.08.08"]
[Round "5"]
[White "Boelhouwer, Collin"]
[Black "Van den Berg, Bram"]
[Result "0-1"]
[WhiteElo "2096"]
[BlackElo "2257"]
[PlyCount "36"]
[EventDate "2017.08.05"]
[EventType "swiss"]
[EventRounds "9"]
[EventCountry "NED"]
[SourceTitle "CBM 179 Extra"]
[Source "ChessBase"]
[SourceDate "2017.08.23"]
[SourceVersion "1"]
[SourceVersionDate "2017.08.23"]
[SourceQuality "1"]

1. e4 d5 2. exd5 Nf6 3. d4 Bg4 4. f3 Bf5 5. Bb5+ c6 6. dxc6 Nxc6 7. Nc3 Qb6 8. Nge2 0-0-0 9. Be3 e5 10. Bxc6 bxc6 11. Na4 Qa6 12. c3 exd4 13. cxd4 Re8 14. Kf2 Nd5 15. Bd2 Bc2 16. Qxc2 Rxe2+ 17. Kg3 Bd6+ 18. Kh4 Ne3 0-1

[Event "Vlissingen HZ op 20th"]
[Site "Vlissingen"]
[Date "2016.08.11"]
[Round "7"]
[White "Warmerdam, Max"]
[Black "Van den Berg, Bram"]
[Result "1-0"]
[WhiteElo "2372"]
[BlackElo "2205"]
[PlyCount "71"]
[EventDate "2016.08.06"]
[EventType "swiss"]
[EventRounds "9"]
[EventCountry "NED"]
[SourceTitle "CBM 173 Extra"]
[Source "ChessBase"]
[SourceDate "2016.08.29"]
[SourceVersion "1"]
[SourceVersionDate "2016.08.29"]
[SourceQuality "1"]

1. e4 d5 2. exd5 Nf6 3. Bb5+ Nbd7 4. d4 Nxd5 5. Nf3 e6 6. 0-0 Be7 7. Nbd2 0-0 8. Ne4 N5f6 9. Nxf6+ Bxf6 10. c3 c6 11. Bd3 g6 12. Bf4 Re8 13. Bc2 b6 14. Qe2 Bb7 15. Rad1 Qe7 16. Rfe1 Rad8 17. Ba4 a6 18. Qe4 b5 19. Bb3 Ba8 20. Bc7 Rc8 21. Qf4 Bg7 22. Qg3 Bb7 23. Bd6 Qf6 24. Ne5 Qd8 25. Qe3 Bf8 26. Bxf8 Rxf8 27. Nxf7 Kxf7 28. Qxe6+ Kg7 29. Qd6 Re8 30. Rxe8 Qxe8 31. Be6 Rd8 32. Qc7 Bc8 33. Re1 Kh8 34. Re3 Qf8 35. Rf3 Nf6 36. Bxc8 1-0

[Event "Vlissingen HZ op 20th"]
[Site "Vlissingen"]
[Date "2016.08.07"]
[Round "2"]
[White "Van den Berg, Bram"]
[Black "Ikonnikov, Vyacheslav"]
[Result "0-1"]
[WhiteElo "2205"]
[BlackElo "2536"]
[PlyCount "78"]
[EventDate "2016.08.06"]
[EventType "swiss"]
[EventRounds "9"]
[EventCountry "NED"]
[SourceTitle "CBM 173 Extra"]
[Source "ChessBase"]
[SourceDate "2016.08.29"]
[SourceVersion "1"]
[SourceVersionDate "2016.08.29"]
[SourceQuality "1"]

1. e4 g6 2. d4 Bg7 3. Nc3 d6 4. Be3 c6 5. a4 Nf6 6. h3 0-0 7. Nf3 Nbd7 8. Be2 e5 9. dxe5 dxe5 10. 0-0 Qe7 11. Nd2 Nc5 12. Qc1 Ne6 13. Rd1 Nd4 14. Bf1 Rd8 15. Ncb1 Nh5 16. c3 f5 17. f3 Ne6 18. Qc2 Nef4 19. Na3 Qg5 20. Kh2 Qg3+ 21. Kh1 Nxh3 22. gxh3 f4 23. Bg1 Bxh3 24. Bh2 Qh4 25. Bg2 Be6 26. Nf1 Bf8 27. b4 a5 28. Qb2 Bf7 29. Kg1 Rxd1 30. Rxd1 axb4 31. cxb4 Rxa4 32. Nc2 Ra2 33. Qc3 Be7 34. Ra1 Bd8 35. Qc5 Rxc2 36. Qxc2 Bb6+ 37. Kh1 Ng3+ 38. Nxg3 fxg3 39. Bf1 Bf2 0-1

[Event "Maastricht Limburg op-A 9th"]
[Site "Maastricht"]
[Date "2015.05.22"]
[Round "1"]
[White "Kalisvaart, Peter"]
[Black "Van den Berg, Bram"]
[Result "0-1"]
[WhiteElo "2101"]
[BlackElo "2199"]
[PlyCount "66"]
[EventDate "2015.05.22"]
[EventType "swiss"]
[EventRounds "7"]
[EventCountry "NED"]
[SourceTitle "CBM 166 Extra"]
[Source "ChessBase"]
[SourceDate "2015.06.18"]
[SourceVersion "1"]
[SourceVersionDate "2015.06.18"]
[SourceQuality "1"]

1. b4 e5 2. a3 a5 3. b5 c6 4. c4 d5 5. e3 Nf6 6. Bb2 Bd6 7. Qc2 0-0 8. c5 Be7 9. Bxe5 cxb5 10. Bxb5 Nc6 11. Bxc6 bxc6 12. Ne2 Ne4 13. Bd4 Bf5 14. d3 Ng5 15. Ng3 Bc8 16. 0-0 f5 17. Ne2 Ne6 18. Be5 Nxc5 19. d4 Ne4 20. f3 Nd6 21. Qxc6 Bb7 22. Qc1 Ba6 23. Re1 Nc4 24. Bg3 Rc8 25. Nec3 Rf6 26. Bh4 Re6 27. Bxe7 Rxe7 28. Ra2 Qd6 29. g3 g5 30. Kf2 Rec7 31. Na4 Ne5 32. dxe5 Qh6 33. Qb2 Qxh2# 0-1

[Event "Delft Prinsenstad op-A 8th"]
[Site "Delft"]
[Date "2015.04.04"]
[Round "4"]
[White "Van den Berg, Bram"]
[Black "L'Ami, Erwin"]
[Result "1/2-1/2"]
[WhiteElo "2203"]
[BlackElo "2605"]
[PlyCount "76"]
[EventDate "2015.04.03"]
[EventType "swiss"]
[EventRounds "6"]
[EventCountry "NED"]
[SourceTitle "CBM 165 Extra"]
[Source "ChessBase"]
[SourceDate "2015.04.21"]
[SourceVersion "1"]
[SourceVersionDate "2015.04.21"]
[SourceQuality "1"]

1. e4 e5 2. Nf3 Nc6 3. d4 exd4 4. c3 d5 5. exd5 Qxd5 6. cxd4 Bg4 7. Be2 Bb4+ 8. Nc3 Bxf3 9. Bxf3 Qc4 10. Qb3 Qxb3 11. axb3 Nge7 12. 0-0 0-0-0 13. Bxc6 Nxc6 14. d5 Bxc3 15. dxc6 Bd4 16. Be3 bxc6 17. Bxd4 Rxd4 18. Rxa7 Kd7 19. Ra4 Rd2 20. h4 Re8 21. Rf4 f6 22. h5 h6 23. b4 Rd5 24. g4 Re2 25. Rb1 Red2 26. Kg2 R5d4 27. Rxd4+ Rxd4 28. Kg3 Rxb4 29. Rd1+ Ke6 30. Re1+ Kf7 31. Rc1 Rxb2 32. Rxc6 Rb7 33. f4 Ke7 34. g5 fxg5 35. fxg5 hxg5 36. Kg4 Kf7 37. Kxg5 Kg8 38. Kf5 Kh7 1/2-1/2

[Event "Delft Prinsenstad op-A 8th"]
[Site "Delft"]
[Date "2015.04.04"]
[Round "3"]
[White "Van den Berg, Bram"]
[Black "Woestenburg, Jochem"]
[Result "1-0"]
[WhiteElo "2203"]
[BlackElo "2074"]
[PlyCount "81"]
[EventDate "2015.04.03"]
[EventType "swiss"]
[EventRounds "6"]
[EventCountry "NED"]
[SourceTitle "CBM 165 Extra"]
[Source "ChessBase"]
[SourceDate "2015.04.21"]
[SourceVersion "1"]
[SourceVersionDate "2015.04.21"]
[SourceQuality "1"]

1. e4 e6 2. Nf3 d5 3. e5 c5 4. b4 d4 5. bxc5 Bxc5 6. Bd3 Nc6 7. 0-0 Nge7 8. Qe2 Ng6 9. g3 0-0 10. h4 f5 11. exf6 Qxf6 12. Ng5 Nce5 13. Qh5 h6 14. Bxg6 Qxg6 15. Qxg6 Nxg6 16. Ne4 Bb6 17. Na3 Ne5 18. f4 Ng4 19. Nc4 Bd7 20. Ba3 Rfc8 21. d3 Rxc4 22. dxc4 Bc6 23. Nd6 Ba5 24. Rab1 Bd2 25. Bc1 Be3+ 26. Bxe3 dxe3 27. c5 Rd8 28. Rfe1 b6 29. Nc4 bxc5 30. Nxe3 Nxe3 31. Rxe3 Rd2 32. Rb8+ Kf7 33. Rc8 Bd5 34. Rxc5 Bxa2 35. c4 Rc2 36. Ra3 Rxc4 37. Rxa7+ Kf6 38. Rxc4 Bxc4 39. Kf2 g5 40. fxg5+ hxg5 41. h5 1-0

[Event "Terre degli Elimi op 4th"]
[Site "Erice"]
[Date "2013.07.27"]
[Round "6"]
[White "Movileanu, Daniela"]
[Black "Van den Berg, Bram"]
[Result "1/2-1/2"]
[WhiteElo "2030"]
[BlackElo "2231"]
[PlyCount "100"]
[EventDate "2013.07.24"]
[EventType "swiss"]
[EventRounds "7"]
[EventCountry "ITA"]
[SourceTitle "EXT 2015"]
[Source "ChessBase"]
[SourceDate "2014.11.20"]
[SourceVersion "1"]
[SourceVersionDate "2014.11.20"]
[SourceQuality "1"]

1. e4 c5 2. Nc3 d6 3. Nge2 g6 4. g3 Bg7 5. Bg2 Nc6 6. d3 e6 7. 0-0 Nge7 8. Be3 Rb8 9. Qd2 b5 10. Bh6 0-0 11. Bxg7 Kxg7 12. d4 b4 13. Nd1 Ba6 14. d5 exd5 15. exd5 Nd4 16. Nxd4 Bxf1 17. Bxf1 cxd4 18. Qxd4+ Kg8 19. Ne3 Nc8 20. Ng4 f6 21. Bd3 Qe7 22. Kf1 Qg7 23. Ne3 f5 24. Qxg7+ Kxg7 25. Ng2 Nb6 26. Nf4 Kf6 27. h4 Rfe8 28. a3 a5 29. axb4 axb4 30. Ra6 Rb7 31. Ra5 Nd7 32. Bb5 Rc8 33. Bc6 Rbc7 34. Ne6 Rxc6 35. dxc6 Rxc6 36. Nd4 Rc4 37. Rd5 Ke7 38. b3 Rc3 39. Rb5 Nc5 40. Rxb4 Ne6 41. Rb7+ Kf6 42. Nb5 Rxc2 43. Nxd6 Nc5 44. Rb6 Ke7 45. Nc4 Ne4 46. Rb7+ Kf6 47. Rxh7 Rxf2+ 48. Ke1 Rf3 49. h5 Rxb3 50. hxg6 Kxg6 1/2-1/2

[Event "Vlissingen HZ op 15th"]
[Site "Vlissingen"]
[Date "2011.08.01"]
[Round "4"]
[White "Van den Berg, Bram"]
[Black "Oosterman, Maarten Jan"]
[Result "1-0"]
[WhiteElo "2206"]
[BlackElo "1992"]
[PlyCount "63"]
[EventDate "2011.07.30"]
[EventType "swiss"]
[EventRounds "9"]
[EventCountry "NED"]
[SourceTitle "CBM 143 Extra"]
[Source "ChessBase"]
[SourceDate "2011.08.29"]
[SourceVersion "1"]
[SourceVersionDate "2011.08.29"]
[SourceQuality "1"]

1. e4 c6 2. d4 d5 3. e5 Bf5 4. h4 h5 5. Bg5 Qb6 6. Bd3 Bxd3 7. Qxd3 e6 8. Nf3 Ne7 9. Nc3 Nd7 10. 0-0 Nf5 11. a3 Be7 12. Bxe7 Kxe7 13. g3 Rh6 14. b4 Qc7 15. Ne2 Nb6 16. Nf4 Nc4 17. a4 Qc8 18. Nd2 Nxd2 19. Qxd2 Kd7 20. Ra3 Qd8 21. b5 Rc8 22. bxc6+ Rxc6 23. Rb1 Qc7 24. c3 Rh8 25. a5 g6 26. Nd3 b6 27. axb6 axb6 28. Rba1 Rb8 29. Nb4 Ne7 30. Na6 Qc8 31. Nxb8+ Qxb8 32. Ra8 1-0